La organización de la Secretaría de Educación Pública : 1921-1994.

Guardat en:
Dades bibliogràfiques
Autor principal: Añorve Aguirre, Carlos Daniel (autor)
Format: Llibre
Idioma:espanyol
Matèries:
Etiquetes: Afegir etiqueta
Sense etiquetes, Sigues el primer a etiquetar aquest registre!

MARC

LEADER 00000cam^a2200000uu^4500
001 000486965
005 20250521000000.0
008 032509s2000^^^^^^^^^^^^rd^r^^000^0^spa^d
009 20260526150627.143
022 |a 9687742933 
035 |a FCE 000030128 
035 |a FCE 032915 
037 |a Acervo ITESO - Biblioteca 
041 |a spa 
082 0 4 |a 370.972  |b AÑOo 
100 |a Añorve Aguirre, Carlos Daniel  |e (autor) 
245 1 3 |a La organización de la Secretaría de Educación Pública :  |b 1921-1994. 
264 |a México :  |b UPN,  |c 2000. 
300 |a 220 p. 
336 |a texto  |b txt  |2 rdacontenido 
337 |a sin mediación  |b n  |2 rdamedio 
338 |a volumen  |b nc  |2 rdasoporte 
610 |a México.  |b Secretaría de Educación Pública 
649 |a XX 
650 |a Historia 
650 |a Organización institucional 
910 |a Fondo Centro de Estudios Educativos 
920 |a Impresos - Libros 
930 |a Fondos Especiales 
905 |a 133 
901 |a ALE032915  |b IT2  |c CEE  |u 20250521 
902 |a https://opac.biblio.iteso.mx/vufind/Record/000486965